| 000 | 00714nam a22002657a 4500 | ||
|---|---|---|---|
| 003 | CHAP | ||
| 005 | 20220329140310.0 | ||
| 008 | 971013s1976 r 00010 d | ||
| 010 | _a49977 | ||
| 011 | _a50949 | ||
| 035 | _a55099 | ||
| 040 | _cCHAP | ||
| 090 | _aFolleto 5092 | ||
| 100 | 0 | 0 |
_aFell, Derek. _940010 |
| 245 | _aVegetable gardening | ||
| 260 |
_aBarrington, Ill : _bCountryside Books, _c1976 |
||
| 300 |
_a48 p. _b: ilus. |
||
| 590 |
_aBATCH-UPD _b10 _c20130110 _lUCH01 _h0512 |
||
| 590 |
_aCONVERSION _b10 _c20130109 _lUCH01 _h1327 |
||
| 650 | 1 | 4 |
_aHorticultura. _956291 |
| 650 | 1 | 4 |
_aLegumbres. _965680 |
| 901 | _aBK | ||
| 942 | _cFOLL | ||
| 949 |
_aFolleto 5092 _bBC _cFOLL _d-121129 _eTS1 _i55099 _si |
||
| 999 |
_c49977 _d49977 |
||